000 00680nab a2200193 4500
001 244442
003 OSt
005 20240822123204.0
007 tu
008 200917s2020|||||||
040 _aDE-2950
_cDE-2950
245 0 0 _aStadtraum mit Lego neu gedacht
_bImmobilien. Die Slubicer Straße bekommt doch kein Zukunftszentrum. Aber was soll aus der Brache werden? Bürger konnten mitreden, unter anderem mit Bau9steinen/
_cRené Matschkowiak
264 _c2024
653 _aFrankfurt (Oder)
653 _aSlubicer Straße
653 _aEntwicklungsbeirat
773 0 _g35. Jahrgang (2024) Nr. 194 vom 20.08.2024, S. 13, mit Foto
_tMärkische Oderzeitung
942 _2z
_cA
999 _c373294
_d373294